000 01671nam a2200409 c 4500
001 45822
003 ES-MaCES
005 20150305141211.0
008 150305s2014 sp o100 | spa d
017 _aM 15786-2014
_bDL
024 7 _a501-14-029-X
_2nipo
040 _aES-MaCES
_bspa
_cES-MaCES
111 2 _935655
_aCiclo de Conferencias sobre el Legado Español en los Estados Unidos
_cMadrid
_d2014
245 1 0 _aLegado español en los Estados Unidos
_b: Ciclo de Conferencias [sobre el Legado Español en los Estados Unidos, celebrado en Madrid, entre los meses de marzo y abril de 2014], con motivo de las conmemoraciones históricas de la Nueva España (2013-2015)
_cEscuela Diplomática
260 _aMadrid
_bEscuela Diplomática
_c[2014]
300 _a152 p.
_bfot. bl. y n.
_c24 cm
490 1 _aCuadernos de la Escuela Diplomática
_v50
500 _aEn la port., Comisión Nacional para las Conmemoraciones de la Nueva España
504 _aBibliografía
541 _cGratuito
650 4 _apolítica exterior
_926687
650 4 _arelaciones internacionales
_926675
650 4 _asociedad
_927269
650 4 _acultura
_927265
650 4 _aEspaña
_926964
650 4 _apapel de España
_929138
650 4 _aEstados Unidos
_928373
650 4 _aS. XVI-XX
_930988
650 4 _ahistoria
_927251
650 4 _aconferencia
_927013
653 1 0 _aCiencias Sociales-Políticas
710 2 _92704
_aEscuela Diplomática (España)
710 2 _935657
_aComisión Nacional para las Conmemoraciones de la Nueva España (España)
830 0 _aCuadernos de la Escuela Diplomática
_v50
_934506
902 _aLIB Libro
942 _2CES
_cBK
_h7.0.
999 _c45822
_d45822